000
00322nam a22001217a 4500
008
160503b xxu||||| |||| 00| 0 eng d
020
_a
9780801878138
020
_a
0801878136
041
_a
eng
080
_a
61
245
_a
Readings and commentary:
_c
Ezekiel J.Emanuel; Robert A. Crouch; John D. Arras;
942
_2
udc
_c
BK
999
_c
1737
_d
1737